| 000 | 00000nam##2200000za#4500 |
| 001 | 9.696200 |
| 003 | CaOODSP |
| 005 | 20210624234927 |
| 007 | cr ||||||||||| |
| 008 | 150407|2001||||xxc|||||o f|0| 0 eng|d |
| 040 | |aCaOODSP|beng |
| 043 | |an-cn--- |
| 086 | 1 |aE84-8/2001E-PDF |
| 110 | 1 |aCanada.|bRights & Democracy (International Centre for Human Rights and Democratic Development) |
| 245 | 10|aUnequal harvest : |h[electronic resource]|bfarmers' voices on international trade and the right to food / |cby Lauren Posner. |
| 260 | |aMontreal - Quebec : |bRights & Democracy (International Centre for Human Rights and Democratic Development) |cc2001. |
| 300 | |a27p.|bglossary, photographs |
| 500 | |aThe ISBN (2-922084-48-5) for the bilingual print edition has been incorrectly copied in this electronic publication. |
| 590 | |a12-24-Supp|b2012-05-30 |
| 690 | 07|aAgri-food industry|2gcpds |
| 690 | 07|aFood|2gcpds |
| 690 | 07|aInternational trade|2gcpds |
| 690 | 07|aSocial rights|2gcpds |
| 720 | 1 |aPosner, Lauren |
| 775 | 08|tRécoltes inégales : |w(CaOODSP)9.640320 |
| 776 | 0#|tUnequal harvest : |w(CaOODSP)9.663633 |
| 776 | 0#|tRécoltes inégales : |w(CaOODSP)9.663634 |
| 856 | 40|ahttp://publications.gc.ca|qPDF|s304 KB|uhttps://publications.gc.ca/collections/Collection/E84-8-2001E.pdf |